000 00829nam a2200277Ia 4500
003 OSt
005 20220928132855.0
006 a|||||r|||| 00| 0
007 ta
008 220927b |||||||| |||| 00| 0 eng d
020 _cUSD 349.99
024 _a139633
037 _b085, 15/02/2019, N.R.Book Distributors
_cTextual
040 _aSDCL
_cSDCL
_beng
041 _2eng
_aeng
082 _aL:42, Q7
100 _aCohen Jonathan Ed.
_9483338
245 0 _aInfectious diseases (2 Vol. Set)
250 _a4th
260 _aChina
_bElsevier
_c2017
490 _vV1:xxxvi,811p.
650 _aBiochemistry
700 _a Powderly William G. Ed.
_9483339
942 _hL:42, Q7
_cTEXL
_2CC
999 _c796290
_d796290